01760nab a2200205 i 4500003000900000005001700009008004100026040001800067072000800085100003700093100003100130245010200161500006600263520092000329650001301249650001401262650002401276773017601300856007801476BR-BrBNA20250404091403.0250404b2016 bl.qr|pooa||| 00| 0 por | aBR-BrBNAbpor aF70 aVilas Bôas-Bastos, Silvana B.  aBastos, Cid José Passos  aDuas novas ocorrências de hepáticas folhosas (Marchantiophyta) para o estado da Bahia, Brasil aPublicação on-line; 37 ref.; 2 illus.; Summaries (En, Pt) a Resumo Estão sendo apresentados dois novos registros de hepáticas folhosas da família Lejeuneaceae para o estado da Bahia: Colura calyptrifolia e Cololejeunea dauphinii, esta última está sendo referida pela primeira vez para o Brasil. São fornecidos material examinado, comentários taxonômicos, ecológicos, distribuição geográfica e fotomicrografias de caracteres distintivos de cada espécie. Palavras-chave: Lejeuneaceae, Lejeuneeae, Cololejeuneinae, ambientes serranos, domínio caatinga. Abstract Two new records of liverworts of Lejeuneaceae of the State of Bahia are presented: Colura calyptrifolia and Cololejeunea dauphinii. This latter is being reported for the first time to Brazil. Examined material, taxonomic, ecological comments, and photos are provided for each species. Key words: Lejeuneaceae, Lejeuneeae, Cololejeuneinae, montane environments, caatinga domain.  aCAATINGA aTAXONOMIA aHORTALIÇA FOLHOSA0 0709dRio de Janeiro-RJ Jardim Botanico do Rio de Janeiro 1935o2025-2173tRodriguésia (Brazil)x0370-6583; 2175-7860 on-linegv. 67(4) p. 1101-1106; (2016)wBR2025000253 uhttps://www.scielo.br/j/rod/a/9PFQvJbdpgRXN4bRYW7ZhFD/?format=pdf&lang=pt